| 000 | 01202nam0a22002651 4500 | ||
|---|---|---|---|
| 001 | rc\3701788 | ||
| 005 | 20130115152459.2 | ||
| 021 |
_aRU _b[69-108533] |
||
| 035 | _a(NLR Aleph) 007854247 | ||
| 090 |
_a7786852 _c7786852 |
||
| 100 | _a20130115d1969 |||y0rusy50 ca | ||
| 101 | 0 | _arus | |
| 102 | _aRU | ||
| 105 | _ay z ||||| | ||
| 200 | 1 |
_aКомплексная оценка организационно-технического уровня на промышленных предприятиях _e(Метод. основы) _fСвердл. обл. совет НТО. Свердл. обл. метод. совет по НОТ. Свердл. обл. дом техники НТО Свердл. обл. организация о-ва "Знание" |
|
| 210 |
_aСвердловск _cБ. и. _d1969 |
||
| 215 |
_a111 с. _d20 |
||
| 320 | _aБиблиогр.: с. 108-109 | ||
| 606 |
_aПромышленные предприятия _xАнализ хозяйственной деятельности _2psbo |
||
| 700 | 1 |
_aКовальков _bП. Г. _gПетр Герасимович |
|
| 801 | 0 |
_aRU _bNLR _gpsbo |
|
| 801 | 1 |
_aRU _bELAR _2rusmarc |
|
| 852 |
_aNLR _j69-3/9405 |
||
| 942 | _cBOOK | ||
| 980 | _aNB | ||